000 00529nam a2200193 i 4500
001 100544
003 ES-MaACL
005 20230906182708.0
007 t|
008 050929s1917 it ||||1| ita d
100 1 _aMassenz, Arturo.
_978807
245 1 0 _aGuida pratica del meccanico moderno /
_cArturo Massenz.
260 _aMilano :
_bHuberto Allegreti,
_c1917.
300 _aXXIV, 350 p. ;
_c15 cm.
490 1 _aManuali Hoepli
830 0 _aManuali Hoepli
_9180782
852 _aES-MaACL
_jF-4556
999 _c100544
_d100544